City By Country-Tile Select - Statistics

General Stats
  • This quiz has been taken 23 times
  • The average score is 29 of 45
Answer Stats
Question Tile Select % Correct
Cities is the United Kingdom No
100%
Cities is the United Kingdom Yes
93%
Cities is the United Kingdom Yes
93%
Cities is the United Kingdom No
87%
Cities is the United Kingdom No
87%
Cities In China Yes
87%
Cities in the United States Yes
87%
Cities in Germany Yes
80%
Cities in Germany No
80%
Cities is the United Kingdom No
80%
Cities In China Yes
80%
Cities in the United States No
80%
Cities in Germany No
73%
Cities in Germany No
73%
Cities In China No
73%
Cities In China No
73%
Cities In China No
73%
Cities in Japan No
73%
Cities in Japan No
73%
Cities in the United States Yes
73%
Cities in the United States No
73%
Cities is the United Kingdom Yes
67%
Cities In China Yes
67%
Cities In China No
67%
Cities in Japan Yes
67%
Cities in the United States No
67%
Cities in Germany Yes
60%
Cities In China Yes
60%
Cities in Japan Yes
60%
Cities in Japan No
60%
Cities in the United States Yes
60%
Cities is the United Kingdom Yes
53%
Cities In China Yes
53%
Cities in Japan Yes
53%
Cities in the United States Yes
53%
Cities in the United States No
47%
Cities in Germany Yes
40%
Cities in Germany No
40%
Cities in Japan Yes
40%
Cities in Japan No
40%
Cities is the United Kingdom Yes
33%
Cities in Japan Yes
33%
Cities in the United States Yes
27%
Cities in Germany Yes
20%
Cities in Germany Yes
20%
No matching quizzes found
Score Distribution
Percent of People with Each Score
Percentile by Number Answered
Your Score History
You have not taken this quiz